Writing today / (Record no. 3122)

000 -LEADER
fixed length control field 00900cam a2200265 a 4500
003 - CONTROL NUMBER IDENTIFIER
control field OSt
005 - DATE AND TIME OF LATEST TRANSACTION
control field 20210817115802.0
008 - FIXED-LENGTH DATA ELEMENTS--GENERAL INFORMATION
fixed length control field 091113s2010 maua 001 0 eng
020 ## - INTERNATIONAL STANDARD BOOK NUMBER
International Standard Book Number 9780205617449
020 ## - INTERNATIONAL STANDARD BOOK NUMBER
International Standard Book Number 0205617441
040 ## - CATALOGING SOURCE
Transcribing agency DLC
050 00 - LIBRARY OF CONGRESS CALL NUMBER
Classification number PE1408
Item number .J753 2010
100 1# - MAIN ENTRY--PERSONAL NAME
Personal name Johnson-Sheehan, Richard.
245 10 - TITLE STATEMENT
Title Writing today /
Statement of responsibility, etc. Richard Johnson-Sheehan, Charles Paine.
260 ## - PUBLICATION, DISTRIBUTION, ETC.
Place of publication, distribution, etc. Boston :
Name of publisher, distributor, etc. Longman,
Date of publication, distribution, etc. c2010.
300 ## - PHYSICAL DESCRIPTION
Extent xxi, 863 p. :
Other physical details ill. (chiefly col.) ;
Dimensions 24 cm.
500 ## - GENERAL NOTE
General note Includes index.
650 #0 - SUBJECT ADDED ENTRY--TOPICAL TERM
Topical term or geographic name entry element English language
General subdivision Rhetoric.
650 #0 - SUBJECT ADDED ENTRY--TOPICAL TERM
Topical term or geographic name entry element Report writing.
650 #0 - SUBJECT ADDED ENTRY--TOPICAL TERM
Topical term or geographic name entry element Study skills.
700 1# - ADDED ENTRY--PERSONAL NAME
Personal name Paine, Charles,
Dates associated with a name 1957-
906 ## - LOCAL DATA ELEMENT F, LDF (RLIN)
a 7
b cbc
c orignew
d 1
e ecip
f 20
g y-gencatlg
942 ## - ADDED ENTRY ELEMENTS (KOHA)
Source of classification or shelving scheme
Koha item type Book
Suppress in OPAC MG
Holdings
Withdrawn status Lost status Source of classification or shelving scheme Damaged status Not for loan Permanent Location Current Location Shelving location Date acquired Total Checkouts Full call number Barcode Date last seen Price effective from Koha item type Public note Source of acquisition Copy number
          AU LIBRARY AU LIBRARY Open Shelf 17.08.2021   PE1408 .J753 2010 28004258 17.08.2021 17.08.2021 Book MG    
          AU LIBRARY AU LIBRARY Open Shelf 18.03.2022   PE1408 .J753 2010 C2 28005918 18.03.2022 18.03.2022 Book CM DONATION FROM MOI UNIVERSITY 2

Powered by Koha